Responses for show #8077 - Tuesday, October 22, 2019

Contestants

[<< previous game]

Andre Havrylyshyn, a Ph.D. student from Irmo, South Carolina

Martha Bordogna, an attorney from Indian Trail, North Carolina

Ryan Bradley, a TV animation marketing executive from West Hollywood, California (whose 1-day cash winnings total $9,199)

[next game >>]

Jeopardy! Round responses

A TREE GROWS IN BOOK LAND
21st CENTURY TELEVISION
BRITISH PRIME MINISTERS
WHAT DO YOU LOVE?
COMMA, COMMA, COMMA, COMMA, COMMA
CHAMELEON
    $200 26
Hogwarts

Ryan
    $200 25
24

Martha
    $200 13
Margaret Thatcher

Martha
    $200 24
wine

Ryan
    $200 23
a printing press

Martha
    $200 30
Culture Club

Martha
    $400 7
the Shire

Andre
    $400 8
Man v. Food

Martha
    $400 9
Bobbies

Martha
    $400 19
movies

Ryan
    $400 14
a semicolon

Andre
    $400 29
Madagascar

Martha
    $600 6
an apple

Martha
    $600 2
Punk'd

Ryan
    $600 10
(David) Cameron

Andre
    $600 18
birds

Andre
    $600 20
(Martha: What is a million?)

10 million

RyanMartha
    $600 15
(Johnny) Depp

Andre
    $1,000 4
Robin Hood

Andre
    $800 3
(Jennifer) Garner

Andre
    $800 11
(Neville) Chamberlain

Martha
    $800 16
(Ryan: Religion? What is religion?)

God

Ryan
Triple Stumper
    $800 21
the Oxford comma

Ryan
    $800 28
their tongue

Andre
    $1000 5
Jane Eyre

Martha
    $1000 1
Anne of Green Gables

Martha
    $1000 12
Disraeli

Martha
    $1000 17
(Andre: What is... gold?)

the Sun

MarthaAndre
    $1000 22
a comma splice

Triple Stumper
    $1000 27
regeneration

Andre

Scores at the first commercial break (after clue 15):

Ryan Martha Andre
$600 $5,400 $3,800

Scores at the end of the Jeopardy! Round:

Ryan Martha Andre
$2,000 $6,800 $5,200

Double Jeopardy! Round responses

BRIDGES GALORE!
POTPOURRI
MOVING THE SAINTS
ON THE "B"-LIST
CLASSICAL MUSIC
GIVING AWAY THE MOVIE'S ENDING
(Alex: You have to give us the last word in the title of the film we're referring to.)
    $400 28
London Bridge

Andre
    $400 29
coffee

Ryan
    $400 10
John the Baptist

Ryan
    $400 21
balance

Martha
    $400 30
Mozart

Martha
    $400 6
(Alex: The Nightmare Before [*], yeah.)

Christmas

Martha
    $800 27
Honshu

Ryan
    $800 17
deed

Andre
    $800 11
(Saint) Nicholas

Andre
    $800 7
brevity

Martha
    $3,500 22
(Martha: What is... The "French March"?)

the 1812 Overture

Martha
    $800 4
(Alex: A League of Their [*], yeah.)

Own

Martha
    $1200 18
Switzerland

Andre
    $1200 14
(Ryan: What is Nepal?)

Mongolia

RyanAndre
    $1200 13
Eastern Orthodox

Martha
    $1200 5
(Martha: What is the blues?)

Bluegrass

MarthaAndre
    $1200 25
(Andre: What is the waltz?)

symphonies

Andre
Triple Stumper
    $1200 3
(Alex: Reefer [*] was the film.)

Madness

Andre
    $1600 19
Niger

Andre
    $1600 15
Filene's

Ryan
    $3,400 12
(Andre: What is... Florence?)

Venice

Andre
    $1600 8
brink

Martha
    $1600 24
"A Night On Bald Mountain"

Triple Stumper
    $1600 2
(Alex: Yes. "Crystal [*]".)

Skull

Andre
    $2000 20
Tyne

Triple Stumper
    $2000 16
a bead

Triple Stumper
    $2000 26
(Andre: What is a Praetorian Guard?)

a centurion

MarthaAndre
    $2000 9
bivouac

Ryan
    $2000 23
"Pathétique"

Ryan
    $2000 1
(Alex: The Assassination of Jesse James by the Coward Robert [*].)

Ford

Andre

Scores at the end of the Double Jeopardy! Round:

Ryan Martha Andre
$8,000 $9,700 $10,600

[wagering suggestions for these scores]

Final Jeopardy! Round responses

FEMALE MUSIC SUPERSTARS
RyanWho is Cher?
$8,000
MarthaWho is Barbra Streisand?
$6,700
AndreWho is Cher?
$8,801
Barbra Streisand

Final scores:

Ryan Martha Andre
$0 $16,400 $1,799
3rd place: $1,000 New champion: $16,400 2nd place: $2,000

Game dynamics:

Coryat scores:

Ryan Martha Andre
$8,000 $13,200 $13,800
12 R,
2 W
21 R,
3 W
(including 1 DD)
19 R
(including 1 DD),
4 W
(including 1 DD)

Combined Coryat: $35,000

The J! Archive is created by fans, for fans. The Jeopardy! game show and all elements thereof, including but not limited to copyright and trademark thereto, are the property of Jeopardy Productions, Inc. and are protected under law. This website is not affiliated with, sponsored by, or operated by Jeopardy Productions, Inc. Join the discussion at JBoard.tv.